| 000 | 00455nam a2200157 i 4500 | ||
|---|---|---|---|
| 001 | 74408 | ||
| 003 | ES-MaACL | ||
| 005 | 20230906172125.0 | ||
| 007 | t| | ||
| 008 | 040917s1944 sp ||||1| spa d | ||
| 100 | 1 |
_aOlmedo, Félix G. _958847 |
|
| 245 | 1 | 0 |
_aNebrija en Salamanca (1475-1513) / _cpor Félix G. Olmedo. |
| 260 |
_aMadrid : _bEditora Nacional, _c1944 ( _fJesús Alvarez) |
||
| 300 |
_a201 p. ; _c21 cm. |
||
| 852 |
_aES-MaACL _jE-2179 _bR.23250 |
||
| 999 |
_c74408 _d74408 |
||